000 00834nas a2200277 4500
001 BR9504036
003 BR-BrBNA
005 20231205094116.0
007 ta
008 230509b bl.|||p| |||| 00| 00por d
040 _aBR-BrBNA
_bpor
_cBiblioteca Nacional de Agricultura
041 _a(Pt)
072 _aL40
100 1 _aMercadante, M.C.S.
100 1 _aOrsi, A.M.
100 1 _aVicentini, C.A.
100 1 _aValente, M.M.
100 1 _aMello Dias, S.
245 1 _aObservacoes anatomicas sobre o trato reprodutor masculino do pombo (Columbia livia, l.)
650 _aPombo
650 _aAparelho Reprodutor
650 _aMorfologia Animal
773 0 _tRevista de Ciencias Biomedicas (Brazil)
_xISSN 0101-322X
_g(1983), v. 4 p. 37-44
_wBR9504036
909 _a202311
_bLúcia
_c55
_dLúcia Elande
942 _2AGRIS
_n0
_cANA
999 _c142123
_d142123